000 01159cam a22002651i 4500
003 SA-RiAUC
005 20241120150327.0
008 241102s1995 xx f b 000 0 ara c
040 _aSA-RiKAPL
_bara
_cSA-RiAUC
_erda
082 0 4 _a254.1
_qSA-RiAUC
090 _a254.1
_bض ب ي
100 1 _aالضبيعي، إبراهيم بن محمد بن إبراهيم،
_dتوفي 1422 هجري
_eمؤلف.
245 1 0 _aإيضاح حكم الزواج بنية الطلاق :
_bدراسة نقدية موثقة /
_cتأليف الشيخ إبراهيم بن محمد بن إبراهيم الضبيعي.
250 _aالطبعة الأولى.
264 1 _a[مكان النشر غير محدد] :
_b[الناشر غير محدد]،
_c[1995]
300 _a60 صفحة ؛
_c20 × 13 سم
336 _aنص
_btxt
_2rdacontent
_3كتاب
337 _aبدون وسيط
_bn
_2rdamedia
338 _aمجلد
_bnc
_2rdacarrier
504 _aببليوجرافية : صفحة 56-60.
650 7 _aالزواج (فقه إسلامي)
_2aucsh
650 7 _aالطلاق (فقه إسلامي)
_2aucsh
942 _2ddc
_cBOOK
_n0
949 _aSA-JeALM
_d241102
_umohamedma123
_n1
999 _c2620
_d2620